| 000 | 00371nam a22001577a 4500 | ||
|---|---|---|---|
| 003 | OSt | ||
| 005 | 20231204102103.0 | ||
| 008 | 230520b xxu||||| |||| 00| 0 eng d | ||
| 020 | _a9788131704813 | ||
| 040 | _cIIMT UNIVERSITY | ||
| 100 | _aMORRISON, R.T | ||
| 245 | _aORGANIC CHEMISTRY | ||
| 260 |
_aNEW DELHI _bPEARSON INDIA _c2022 |
||
| 300 | _a1472 | ||
| 942 |
_2ddc _c01 |
||
| 999 |
_c56641 _d56641 |
||